| 000 | 00528nam a22001817a 4500 | ||
|---|---|---|---|
| 003 | BD-DhUL | ||
| 005 | 20220522152025.0 | ||
| 008 | 220522s1980 ii ||||| b||| 00| 0 eng d | ||
| 040 |
_aBD-DhUL _cBD-DhUL |
||
| 082 |
_a324.254 _bIND |
||
| 245 | 0 | _aIndian History congress 41 sessons | |
| 260 |
_aAllahabad : _bAllahabad University, _c1980 |
||
| 300 |
_a61 p. ; _c21 cm. |
||
| 504 | _aIncludes bibliographical references | ||
| 505 | _aSection 1 : Ancient India. | ||
| 650 | 4 |
_aPolitical party _z India |
|
| 942 |
_2ddc _cBK |
||
| 999 |
_c256037 _d256037 |
||